La ciguapa encantada por la luna / (Registro nro. 7538)

Detalles MARC
000 -LIDER
fixed length control field 01224nam a2200349 a 4500
001 - NÚMERO DE CONTROL
Identificador de número de control 000028713
003 - IDENTIFICACDOR DE NÚMERO DE CONTROL
control field DO-SdBNP
005 - DATE AND TIME OF LATEST TRANSACTION
control field 20180402074442.0
007 - CAMPOS FIJOS DE DESCRIPCIÓN FÍSICA
fixed length control field 000028713
008 - ELEMENTOS DE LONGITUD FIJA
fixed length control field 110411s2008 dr a 000 f spa d
020 ## - ISBN
International Standard Book Number 9789945171259
040 ## - FUENTE DE CATALOGACIÓN
Agencia que crea de manera original el registro BPMSU
Idioma de catalogación spa
Agencia que realiza la transcripción BPMSU
082 04 - NÚMERO DE CLASIFICACIÓN DECIMAL DE DEWEY
Classification number RD863.44
Item number S787c
100 1# - ASIENTO PRINCIPAL -- NOMBRE PERSONAL
Nombre personal Stanley, Avelino,
Fechas asociadas con el nombre 1959-
245 13 - MENCIÓN DE TITULO
Título La ciguapa encantada por la luna /
Mención de responsabilidad Avelino Stanley ; ilustraciones de Montserrat Ubach Figueras ; edición de Bilda Valentín.
260 ## - PUBLICACIÓN, DISTRIBUCIÓN, ETC. (PIE DE IMPRENTA)
Lugar de publicación, distribución, etc Santo Domingo :
Nombre del editor, distribuidor, etc. Ediciones SM,
Fecha de publicación, distribución, etc 2008.
300 ## - DESCRIPCIÓN FÍSICA
Extensión 150 p. :
Otros detalles físicos il. ;
Dimensiones 20 cm.
490 1# - MENCIÓN DE SERIES
Mención de serie El barco de vapor
Volume/sequential designation 4
500 ## - NOTA GENERAL
Nota general Incluye datos biográficos del autor en contracubierta.
500 ## - NOTA GENERAL
Nota general A parti de los doce años
521 1# - TARGET AUDIENCE NOTE
Target audience note A partir de 12 años.
586 ## - AWARDS NOTE
Awards note Obra finalista “El barco de vapor”, 2007.
650 #4 - ENCABEZAMIENTO DE MATERIA--TEMÁTICO
Término temático o nombre geográfico como elemento de entrada CUENTOS INFANTILES DOMINICANOS
650 #4 - ENCABEZAMIENTO DE MATERIA--TEMÁTICO
Término temático o nombre geográfico como elemento de entrada LITERATURA INFANTIL DOMINICANA
700 1# - ASIENTO SECUNDARIO -- NOMBRE PERSONAL
Nombre personal Valentín, Bilda,
Mención de responsabilidad ed.
700 1# - ASIENTO SECUNDARIO -- NOMBRE PERSONAL
Nombre personal Ubach Figueras, Montserrat,
Mención de responsabilidad il.
830 #3 - ASIENTO SECUNDARIO DE SERIE--TÍTULO UNIFORME
Título uniforme El barco de vapor;
Volume number/sequential designation 4
910 ## - VALIDACIÓN
Validación Validado. Control de calidad MFF
942 ## - ADDED ENTRY ELEMENTS (KOHA)
Source of classification or shelving scheme Dewey Decimal Classification
Koha item type Libros
945 ## - INFORMACIÓN DE PROCESAMIENTO LOCAL
Información de procesamiento local Remanejado para la BNPHU / 2018 VM
956 ## - LOCAL ELECTRONIC LOCATION AND ACCESS (OCLC)
Nombre de host VMATEO
Número de acceso 10
Información de compresión 20150914
Inicio de sesión BPMSU
Procesador de solicitud 00151
Existencias
Withdrawn status Lost status Source of classification or shelving scheme Damaged status Not for loan Collection code Home library Current library Date acquired Total Checkouts Full call number Barcode Date last seen Price effective from Koha item type
    Dewey Decimal Classification     Colección Infantil Dominicana Biblioteca Pública Metropolitana Salomé Ureña Biblioteca Pública Metropolitana Salomé Ureña 03/03/2015   RD863.44 S787c BPMSU15040245 03/03/2015 03/03/2015 Libros